Loading...

Retention of Literacy

Bibliographic Details
Main Author: Roy, Prodipto
Format: Printed Book
Language:English
Published: New delhi Macmillan 1975
Subjects:
LEADER 00616nam a2200253 a 4500
001 adlib96000001
003 ViArRB
005 20151026132719.0
008 960221s1955 dcuabcdjdbkoqu001 0deng d
020
022
040 |a Adlib 
082 |a 379.2 
245 |a Retention of Literacy 
250
260 |a New delhi  |b Macmillan  |c 1975 
300 |a xi, 119 p. 
500 |a   
100 |a Roy, Prodipto 
700
942 |c BK  |6 _ 
653 |a Retention of Literacy 
999 |c 54093  |d 54093 
952 |0 0  |1 0  |4 0  |6 3792_ROY  |7 0  |9 66996  |a UL  |b UL  |d 2010-06-19  |o 379.2 ROY  |p 00008543  |r 2010-06-19  |w 2010-06-19  |y BK